000 00562nam a2200145Ia 4500
008 090122s9999 xx 000 0 und d
082 _b7527
_a616
100 _aजायस्वाल
_bजयनारायण
245 _aचष्मा व नेत्ररोग चिकित्सा
600 _aजायस्वाल
630 _aचष्मा व नेत्ररोग चिकित्सा
700 _aजायस्वाल
730 _aचष्मा व नेत्ररोग चिकित्सा
942 _cBOOK
999 _c31604
_d31604